1607 1707 1240 1306 1637 1230 1398 1098 1608 1986 1107 1485 1626 1414 1644 1764 1573 1378 1833 1797 1306 1268 1686 1310 1730 1838 1075 1126 1393 1161 1141 1287 1396 1526 1350 1699 1349 1361 1332 1328 1967 1900 1489 1743 1566 1918 1830 1421 1871 1455 1269 1879 1119 1653 1911 1514 1147 1920 1439 1518 1566 1712 1641 1622 1079 1733 1229 1968 1851 1802 1602 1639 1730 1386 1220 1174 1339 1183 1019 1492 1881 1448 1836 1460 1036 1448 1578 1389 1646 1477 1678 1653 1538 1999 1641 1656 1716 1632 1521 BCNSPRNW ULIB Ver.6.0+V

เปลี่ยนเป็นภาษาไทย

Change to English
 แสดงรายละเอียดบรรณานุกรม
  กลับหน้าหลัก

Brief Record : Get Marc (ISO 2709) : E-mail record : QR code < ปิดหน้าต่าง
LEADER : 00000nam 2200000uu 4500
001    13399127859
003     ULIB
008    211018s2563||||th 000 0 tha d
020    ^a9786165721400 (ล.7)
060 04 ^aWY152^bห321^cล.7
245 00 ^aหลักการพยาบาลผู้สูงอายุ^nเล่ม 7 :^bหลักเวชศาสตร์ฉุกเฉินและการจัดการเรื่องอุบัติเหตุสำหรับการดูแลผู้สูงอายุ /^cวิโรจน์ ไววานิชกิจ, บรรณาธิการ
246 31 ^aหลักเวชศาสตร์ฉุกเฉินและการจัดการเรื่องอุบัติเหตุสำหรับการดูแลผู้สูงอายุ
250    ^aพิมพ์ครั้งที่ 1
260    ^aกรุงเทพฯ :^bโรงพิมพ์จุฬาลงกรณ์มหาวิทยาลัย,^c2563
300    ^a88 หน้า :^bภาพประกอบ ;^c21 ซม.
504    ^aมีบรรณานุกรมและดรรชนี
505  0 ^aความรู้เบื้องต้นด้านเวชศาสตร์ฉุกเฉิน -- การกู้ชีพและการช่วยชีวิต -- อุบัติเหตุในผู้สูงอายุและการพยาบาล -- ภาวะฉุกเฉินที่มีความสำคัญในผู้สูงอายุ
650  4 ^aการพยาบาลเวชศาสตร์วัยชรา
650  4 ^aผู้สูงอายุ
650  4 ^aการพยาบาลผู้สูงอายุ
700 0  ^aวิโรจน์ ไววานิชกิจ,^eบรรณาธิการ
945    ^p460^l0^i008387
945    ^p460^l0^i008388
945    ^p460^l0^i008389
945    ^p460^l0^i008390
945    ^p460^l0^i008391
945    ^p460^l0^i008392
945    ^p460^l0^i008393
999    ^aประนอม เกษจรัล
รายการนี้ยังไม่มีแท็ก
คุณยังไม่ได้ล็อกอิน คุณสามารถมีกิจกรรมร่วมกับเว็บไซต์ได้ แต่ต้องล็อกอินก่อน ::
  ล็อกอิน

รายการสื่อสารสนเทศ

ลำดับที่ ประเภท เลขเรียก/บาร์โค้ด สถานที่ สถานะ
1. Book การพยาบาล
หนังสือสำรอง
สถานะ=หนังสือสำรอง
WY152 ห321 ล.7 ฉ.1 
  Barcode: 008387
ห้องสมุดวิทยาเขตสวรรค์ประชารักษ์
►หนังสือทั่วไป
บนชั้น
2. Book การพยาบาล
Book การพยาบาล
WY152 ห321 ล.7 ฉ.2 
  Barcode: 008388
ห้องสมุดวิทยาเขตสวรรค์ประชารักษ์
►หนังสือทั่วไป
บนชั้น
3. Book การพยาบาล
Book การพยาบาล
WY152 ห321 ล.7 ฉ.3 
  Barcode: 008389
ห้องสมุดวิทยาเขตสวรรค์ประชารักษ์
►หนังสือทั่วไป
บนชั้น
4. Book การพยาบาล
Book การพยาบาล
WY152 ห321 ล.7 ฉ.4 
  Barcode: 008390
ห้องสมุดวิทยาเขตสวรรค์ประชารักษ์
►หนังสือทั่วไป
บนชั้น
5. Book การพยาบาล
Book การพยาบาล
WY152 ห321 ล.7 ฉ.5 
  Barcode: 008391
ห้องสมุดวิทยาเขตสวรรค์ประชารักษ์
►หนังสือทั่วไป
บนชั้น
6. Book การพยาบาล
Book การพยาบาล
WY152 ห321 ล.7 ฉ.6 
  Barcode: 008392
ห้องสมุดวิทยาเขตสวรรค์ประชารักษ์
►หนังสือทั่วไป
บนชั้น
7. Book การพยาบาล
Book การพยาบาล
WY152 ห321 ล.7 ฉ.7 
  Barcode: 008393
ห้องสมุดวิทยาเขตสวรรค์ประชารักษ์
►หนังสือทั่วไป
บนชั้น

รายการใกล้เคียง
    หัวเรื่อง [การพยาบาลเวชศาสตร์วัยชรา]
    หัวเรื่อง [ผู้สูงอายุ]
    หัวเรื่อง [การพยาบาลผู้สูงอายุ]

BibComment


ยังไม่เคยถูกคอมเมนท์

คอมเมนท์ทรัพยากรรายการนี้
  คอมเมนท์: หลักการพยาบาลผู้..


 Copyright 2026. Bcnsprnw @Library